书目信息 |
| 题名: |
中国民国史资料丛稿
|
|
| 作者: | 费正清 著 ;赵复三 译 | |
| 分册: | 五十年回忆录 中国之行 | |
| 出版信息: | 中华书局 1983 |
|
| 页数: | 121页 | |
| 开本: | 26cm | |
| 丛书名: | ||
| 单 册: | ||
| 中图分类: | K258.06 | |
| 科图分类: | ||
| 主题词: | 中国--历史--1840~1949 | |
| 电子资源: | ||
| ISBN: | ||
| 000 | 00715nam0 2200229 45 | |
| 001 | 0312221749 | |
| 005 | 20040509163215.7 | |
| 010 | @dCNY0.78 | |
| 100 | @a20031222d1983 km y0chiy0120 ea | |
| 101 | @achi | |
| 105 | @a z 000yy | |
| 200 | 1 | @a中国民国史资料丛稿@AZhong Guo Min Guo Shi Zi Liao Cong Gao@i中国之行@h五十年回忆录@h第四部分@f(美)费正清著@F(Mei)Fei Zheng Qing Zhu@g赵复三译@e译稿@EYi Gao |
| 210 | @c中华书局@d1983 | |
| 215 | @a121页@d26cm | |
| 517 | @a中国之行@AZhong Guo Zhi Xing | |
| 517 | @a译稿@AYi Gao | |
| 606 | 0 | @a中国@x历史@z1840~1949 |
| 690 | @aK258.06@v3 | |
| 701 | 0 | @a费正清@4著 |
| 702 | 0 | @a赵复三@4译 |
| 801 | @aCN@bTSTCL@c20031222 | |
| 905 | @dK258.06@e37:4@f1@b158882 | |
| 中国民国史资料丛稿.中国之行.五十年回忆录.第四部分/(美)费正清著/赵复三译:译稿.-中华书局,1983 |
| 121页;26cm |
| ISBN :CNY0.78 |
| ● |
| 相关链接 |
|
|
|
|
正题名:中国民国史资料丛稿
索取号:K258.06/37:4
 
预约/预借
| 序号 | 登录号 | 条形码 | 馆藏地/架位号 | 状态 | 备注 |
| 1 | 0158882 | 001294450 | 第二样本阅览室/ [索取号:K258.06/37:4] | 在馆 |